[Event "Lloydminster Battle at the Border"]
[Site "Lloydminster"]
[Date "2007.10.21"]
[Round "3"]
[White "Steer, David"]
[Black "Monaghan, Jim"]
[Result "0-1"]
[WhiteElo "1587"]
[BlackElo "2090"]
[PlyCount "106"]
[EventDate "2007.10.20"]
[EventType "swiss"]
[EventRounds "4"]
[EventCountry "CAN"]
[SourceTitle "EXT 2022"]
[Source "ChessBase"]
[SourceDate "2021.10.06"]
[SourceVersion "1"]
[SourceVersionDate "2021.10.06"]
[SourceQuality "1"]

1. e4 c5 2. Nf3 d6 3. d4 cxd4 4. Nxd4 Nf6 5. Nc3 e6 6. Bb5+ Nbd7 7. 0-0 Be7 8. f4 0-0 9. Kh1 a6 10. Bd3 Qc7 11. a4 b6 12. Qf3 Bb7 13. Qg3 d5 14. e5 Ne4 15. Bxe4 dxe4 16. Bd2 Rfd8 17. Rfd1 Nf8 18. f5 Rxd4 19. f6 Bxf6 20. exf6 Qxg3 21. hxg3 Rad8 22. Be3 Rxd1+ 23. Rxd1 Rxd1+ 24. Nxd1 Nd7 25. fxg7 Kxg7 26. b4 b5 27. Nb2 Bd5 28. Kh2 f5 29. g4 Nf6 30. Bd4 Kg6 31. gxf5+ exf5 32. Kg3 Nh5+ 33. Kf2 f4 34. axb5 axb5 35. Kg1 Kf5 36. Nd1 Nf6 37. Nc3 Bc6 38. Ne2 Nd5 39. Bc5 Bd7 40. Kf2 Nf6 41. Nd4+ Ke5 42. Nb3 e3+ 43. Kf1 Be6 44. Nd4 Bc4+ 45. Ke1 Nd7 46. Nf3+ Kf5 47. Ba7 Kg4 48. Bd4 Kg3 49. Ne5 Nxe5 50. Bxe5 Bd5 51. Kf1 Bxg2+ 52. Kg1 Be4 53. Bc3 Kf3 0-1